000 00706nam a2200217Ia 4500
008 220216s9999 xx 000 0 und d
100 _aYeang H Y
245 0 _aRubber latex as an expression system for high-value proteins
260 _bEngineering crop plants for industrial end uses: Proceedings of the Symposium of the Industrial Biochemistry and Biotechnology Group of the Biochemical Society, UK, September 1996
_c1998
300 _a55-64
500 _aSource Year: 1999
650 _aHigh-value proteins
650 _aTransgenic hevea
700 _aArif S M A
700 _aArokiaraj P
700 _aHamzah S
700 _aJaafar H
700 _aJones H
856 _uPBA
942 _cJS
999 _c67778
_d67778